000
00282nam a22001097a 4500
008
160512b xxu||||| |||| 00| 0 eng d
020
_a
9995676893
041
_a
eng
080
_a
612.39
245
_a
Drejtimi i cilesise ne industrine agroushqimore:
_c
Renata Kongoli;
942
_2
udc
_c
BK
999
_c
2082
_d
2082